| 000 | 00628 a2200205 4500 | ||
|---|---|---|---|
| 999 |
_c32005 _d32005 |
||
| 003 | OSt | ||
| 005 | 20260312134305.0 | ||
| 008 | 260312b ||||| |||| 00| 0 eng d | ||
| 020 | _a9789386551559 | ||
| 040 | _c. | ||
| 082 |
_a005.8 _bB5759 |
||
| 100 |
_96687 _aBhushan, Mayank |
||
| 245 |
_aFundamentals of Cyber Security: Principles, Theory and Practices / _cMayank Bhushan, Rajkumar Singh Rathore, Aatif Jamshed |
||
| 260 |
_bBPB Publications, _aNew Delhi : _c2017. |
||
| 300 | _a211 p. | ||
| 650 | 0 |
_96623 _aCybersecurity |
|
| 700 |
_96688 _aRathore, Rajkumar Singh |
||
| 700 |
_96689 _aJamshed, Aatif |
||
| 942 |
_2ddc _cBK |
||